000 00717nam a2200229 i 4500
001 44550
003 ES-MaACL
005 20230906161044.0
007 t|
008 030321s1968 sp ||||1| spa d
245 0 0 _aCódigo de comercio
_b: Reglamento del registro mercantil y Ley de suspensión de pagos.
250 _a5ª ed.
260 _aMadrid :
_bBoletín Oficial del Estado,
_c1968.
300 _a471 p. ;
_c17 cm.
490 1 _aTextos legales ;
_v15
740 0 _aReglamento del registro mercantil.
740 0 _aLey de suspensión de pagos.
830 0 _aTextos legales ;
_v15
_9178122
852 _aES-MaACL
_jC-36555
_bR.71139
852 _aES-MaACL
_jC-51262
_bR.71138
999 _c44550
_d44550